5HLuxD.jpg

KING HENRY VIII SENIOR AND PRIMARY SCHOOL LIBRARY OPAC

The mummy with no name / (Record no. 2435)

000 -LEADER
fixed length control field 01641cam a2200493 a 4500
001 - CONTROL NUMBER
control field .b2905803x
003 - CONTROL NUMBER IDENTIFIER
control field OCoLC
005 - DATE AND TIME OF LATEST TRANSACTION
control field 20230517103240.0
008 - FIXED-LENGTH DATA ELEMENTS--GENERAL INFORMATION
fixed length control field 060901s2006 nyuab 000 1 eng d
010 ## - LIBRARY OF CONGRESS CONTROL NUMBER
LC control number 00561061
020 ## - INTERNATIONAL STANDARD BOOK NUMBER
International Standard Book Number 9780439841177
Qualifying information (pbk.)
035 ## - SYSTEM CONTROL NUMBER
System control number (OCoLC)701753580
Canceled/invalid control number (OCoLC)798642029
040 ## - CATALOGING SOURCE
Original cataloging agency TXHLC
Language of cataloging eng
Transcribing agency TXHLC
Modifying agency RV8
-- OCLCQ
-- CNGNQ
-- OCLCO
-- NTNU
-- KH8
041 1# - LANGUAGE CODE
Language code of text/sound track or separate title eng
Language code of original ita
042 ## - AUTHENTICATION CODE
Authentication code nbic
043 ## - GEOGRAPHIC AREA CODE
Geographic area code f-ua---
082 0# - DEWEY DECIMAL CLASSIFICATION NUMBER
Classification number FIC STI
100 1# - MAIN ENTRY--PERSONAL NAME
Personal name Stilton, Geronimo.
Relator term Author
240 10 - UNIFORM TITLE
Uniform title Mummia senza nome.
Language of a work English.
245 14 - TITLE STATEMENT
Title The mummy with no name /
Statement of responsibility, etc. Geronimo Stilton ; [illustrations by Roberto Ronchi, Christian Aliprandi and Davide Turotti]
260 ## - PUBLICATION, DISTRIBUTION, ETC.
Place of publication, distribution, etc. New York :
Name of publisher, distributor, etc. Scholastic,
Date of publication, distribution, etc. c2006.
300 ## - PHYSICAL DESCRIPTION
Extent 98 p. :
Other physical details col. ill., col. maps ;
Dimensions 20 cm.
490 1# - SERIES STATEMENT
Series statement Geronimo Stilton ;
Volume/sequential designation #26.
500 ## - GENERAL NOTE
General note Lexile 570.
520 ## - SUMMARY, ETC.
Summary, etc. Geronimo is off to Egypt on a Halloween adventure full of mummies and mysteries.
521 ## - TARGET AUDIENCE NOTE
Target audience note 007-010.
650 #0 - SUBJECT ADDED ENTRY--TOPICAL TERM
Topical term or geographic name entry element Mice
Form subdivision Juvenile fiction.
650 #0 - SUBJECT ADDED ENTRY--TOPICAL TERM
Topical term or geographic name entry element Halloween
Form subdivision Juvenile fiction.
650 #1 - SUBJECT ADDED ENTRY--TOPICAL TERM
Topical term or geographic name entry element Stilton, Geronimo (Fictitious character)
Form subdivision Fiction.
650 #1 - SUBJECT ADDED ENTRY--TOPICAL TERM
Topical term or geographic name entry element Mummies
Geographic subdivision Egypt
Form subdivision Fiction.
650 #1 - SUBJECT ADDED ENTRY--TOPICAL TERM
Topical term or geographic name entry element Journalists
Form subdivision Fiction.
650 #1 - SUBJECT ADDED ENTRY--TOPICAL TERM
Topical term or geographic name entry element Halloween
Form subdivision Fiction.
650 #1 - SUBJECT ADDED ENTRY--TOPICAL TERM
Topical term or geographic name entry element Mice
Form subdivision Fiction.
651 #0 - SUBJECT ADDED ENTRY--GEOGRAPHIC NAME
Geographic name Egypt
Form subdivision Juvenile fiction.
651 #1 - SUBJECT ADDED ENTRY--GEOGRAPHIC NAME
Geographic name Egypt
Form subdivision Fiction.
655 #7 - INDEX TERM--GENRE/FORM
Genre/form data or focus term Adventure fiction.
Source of term gsafd.
655 #7 - INDEX TERM--GENRE/FORM
Genre/form data or focus term Adventure stories.
655 #7 - INDEX TERM--GENRE/FORM
Genre/form data or focus term Children's stories.
700 1# - ADDED ENTRY--PERSONAL NAME
Personal name Ronchi, Roberto.
Relator term Illustrator
700 1# - ADDED ENTRY--PERSONAL NAME
Personal name Aliprandi, Christian.
700 1# - ADDED ENTRY--PERSONAL NAME
Personal name Turotti, Davide.
830 #0 - SERIES ADDED ENTRY--UNIFORM TITLE
Uniform title Geronimo Stilton ;
Volume/sequential designation #26.
942 ## - ADDED ENTRY ELEMENTS (KOHA)
Source of classification or shelving scheme
Koha item type Books - Fiction
Holdings
Withdrawn status Lost status Source of classification or shelving scheme Damaged status Not for loan Collection code Permanent Location Current Location Shelving location Date acquired Total Checkouts Total Renewals Full call number Barcode Date last seen Date last checked out Price effective from Koha item type
          Fiction KH8 Primary School Library KH8 Primary School Library Fiction 2023-05-17 11 1 FIC STI KHPL000004181 2025-12-05 2025-05-23 2023-05-17 Books - Fiction

Powered By KH8 IT Dept